000 00908nam a22002417a 4500
003 BD-DhJNU
005 20260415061132.0
008 260415b |||||||| |||| 00| 0 eng d
020 _a9789350408414
040 _aBD-DhJNU
_bENG
_cBD-DhJNU
_dBD-DhJNU
082 _223
_a792.095414 PRH
100 _aরক্ষিত, মলয়
242 _aHistory of Bengali theatre /
_cMalay Protected
245 _aবাংলা থিয়েটারের ইতিহাস /
_cমলয় রক্ষিত
246 _aBangla theatrer Itihas
260 _aকলকাতা :
_bসিগনেট প্রেস,
_c2017.
300 _a২৬০ পৃ. :
_bচিত্র ;
_c২২সেমি.।
650 _aবাংলা নাটক
650 _aBengali drama
650 _aইতিহাস ও সমালোচনা
650 _aHistory and criticism
942 _2ddc
_cBK
_n0
999 _c2678
_d2678